Fitotoxicidad de diferentes herbicidas al cultivo de cártamo (Carthamus tinctorius) /

Guardado en:
Autor Principal: Armagno, Agustín Andrés.
Autor Corporativo: Universidad Nacional del Sur. Departamento de Agronomía.
Otros Autores: Sabbatini, Mario Ricardo, (tutor.)
Formato: Libro
Idioma:Undetermined
Publicado: Bahía Blanca, 2014.
Etiquetas: Agregar Etiqueta
Sin Etiquetas, Sea el primero en etiquetar este registro!
LEADER 00745nam a22001695a 4500
001 EEA.libagro010212
005 20160923093541.0
008 141027s2014####ag############000#0#und#d
082 0 4 |a 633.85 
100 1 |a Armagno, Agustín Andrés. 
245 1 0 |a Fitotoxicidad de diferentes herbicidas al cultivo de cártamo (Carthamus tinctorius) /  |c Agustín Andrés Armagno. 
260 |a Bahía Blanca,  |c 2014. 
300 |a 31 h. :  |b il., fot. col ;  |c 30 cm. 
500 |a Trabajo de intensificación (Ingeniero Agrónomo) -- Universidad Nacional del Sur. Departamento de Agronomía, 2014. 
700 1 |a Sabbatini, Mario Ricardo,  |e tutor. 
710 2 |a Universidad Nacional del Sur.  |b Departamento de Agronomía. 
859 |a AR-BbBCA  |b BIB. AGRONOMIA  |h 633.85  |i A727  |p 2014/6457